00366nam a2200145Ia 4500003000400000008004100004040001600045082001300061100002300074245004500097260003100142300001000173650001500183650002200198GCL140319s9999 xx 000 0 eng d aGCL / cGCL04a843bB P1 aBONNECARRERE, PAUL10aPAR LE SANG VERSE / cBONNECARRERE, PAUL a[S.N] : bFAYARD ، c1968 a458 P04aLITERATURE04aFRENCH LITERATURE